• 首页
  • 本馆介绍
  • 公告通知
  • 最新文献
  • 馆藏检索
  • 电子资源
  • 读者导购
  • 参考咨询
  • 我的图书馆
  • 登录
  • 详细信息显示
  • 放入我的书架
  • 预约/预借图书
  • 作者相关作品
  • 分类相关作品
  • 丛书相关作品
  • 出版社相关作品

书目信息

  • 表格格式
  • 工作单格式
  • 卡片格式
题名:
古代中国人的美意识
    
 
作者: 笠原仲二 著 ;魏常海 译
分册:  
出版信息: 北京   北京大学出版社  1987
页数: 205页
开本: 20cm
丛书名: 文艺美学丛书
单 册:
中图分类: I01
科图分类:
主题词: 文艺学:美学
电子资源:
ISBN:
000 00758nam2 2200277 45
001 0187001476
005 20050324162533.9
010    @dCNY2.40
091    @a10209.55
100    @a19900830d1987 em y0chiy0121 ea
101 1  @achi@cjpn
102    @aCN@b110000
105    @ay z 000yy
106    @ar
200 10 @a古代中国人的美意识@Agu dai zhong guo ren de mei yi shi@f(日)笠原仲二著@F(Ri)Li Yuan Zhong Er Zhu@g魏常海译
210    @a北京@c北京大学出版社@d1987
215    @a205页@d20cm
225 2  @a文艺美学丛书
410  0 @120010@a文艺美学丛书
606 0  @a文艺学:美学
690    @aI01@v3
701  0 @a笠原仲二@4著
702  0 @a魏常海@4译
801  0 @aCN@b深圳图书馆@c20040425
801  2 @aCN@bNLC@c20040425
905    @dI01@e164@f1@b250041
    
    古代中国人的美意识/(日)笠原仲二著/魏常海译.-北京:北京大学出版社,1987
    205页;20cm.-(文艺美学丛书)
    
    
    ISBN :CNY2.40
    
●
相关链接 在E读中查询图书 在五车中查询图书 在当当中查询图书 在豆瓣中查询图书


正题名:古代中国人的美意识     索取号:I01/164         预约/预借

序号 登录号 条形码 馆藏地/架位号 状态 备注
1 0250038   000902492   第二借阅区/ [索取号:I01/164] 在馆    
2 0250039   000902508   第二借阅区/ [索取号:I01/164] 在馆    
3 0250040   000902526   第二借阅区/ [索取号:I01/164] 在馆    
4 0250041   002018266   第二借阅区/ [索取号:I01/164] 在馆    
5 0250042   000902517   第一样本阅览室/ [索取号:I01/164] 在馆    
唐山师范学院图书馆 欢迎您!
大连网信软件有限公司© 版权所有